LaKeith Stanfield Filmography - Statistics

General Stats
  • This quiz has been taken 24 times
    7 since last reset
  • The average score is 5 of 58
Answer Stats
Type Year Name % Correct
Film 2017 Get Out
100%
Film 2021 Judas and the Black Messiah
100%
TV Show 2016-2022 Atlanta
50%
Film 2019 Knives Out
50%
Film 2017 Death Note
25%
Film 2025 Die My Love
25%
Film 2023 Haunted Mansion
25%
Film TBA I Love Boosters
25%
Film 2019 Someone Great
25%
Film 2018 Sorry to Bother You
25%
Film 2021 The Harder They Fall
25%
Film 2014 The Purge: Anarchy
25%
Film TBA The Wrong Girls
25%
Web Series 2019-2020 BoJack Horseman
0%
TV Show 2023 Celebrity Family Feud
0%
Music Video 2017 Cold Little Heart
0%
Film 2018 Come Sunday
0%
Film 2017 Crown Heights
0%
Film 2015 Dope
0%
Documentary 2024 Ernest Cole: Lost and Found
0%
Documentary Series 2019 Explained
0%
Short Film 2010 Gimme Grace
0%
Short Film 2016 Hard World for Small Things
0%
Film 2017 Izzy Gets the F**k Across Town
0%
Short Film 2015 King Ripple
0%
Commercial 2024 Kith / Giorgio Armani
0%
Film TBA Lear Rex
0%
Short Film 2018 Let's Dance
0%
Short Film 2017 LeZercism
0%
Film 2016 Live Cargo
0%
Film 2015 Memoria
0%
Film 2015 Miles Ahead
0%
Music Video 2017 Moonlight
0%
Film TBA Notes from a Young Black Chef
0%
Film TBA Play Dirty
0%
Film TBA Prince of Cats
0%
Film 2017 Quest: The Truth Always Rises
0%
TV Show 2018 Random Acts of Flyness
0%
Film 2025 Roofman
0%
Film 2014 Selma
0%
Short Film 2008 Short Term 12
0%
Film 2013 Short Term 12
0%
Film 2016 Snowden
0%
Film 2015 Straight Outta Compton
0%
Film 2023 The Book of Clarence
0%
TV Show 2023 The Changeling
0%
TV Show 2020 The Eric Andre Show
0%
Short Film 2014 The Fires, Howling
0%
Film 2018 The Girl in the Spider's Web
0%
Film 2017 The Incredible Jessica James
0%
Film 2020 The Photograph
0%
Short Film 2018 Time of Day
0%
Short Film 2015 Tracks
0%
Film 2019 Uncut Gems
0%
Short Documentary 2015 Verbatim: The Ferguson Case
0%
Film 2017 War Machine
0%
Short Film 2014 Waves
0%
Web Series 2021 Yasuke
0%
No matching quizzes found
Score Distribution
Percent of People with Each Score
Percentile by Number Answered
Your Score History
You have not taken this quiz since the last reset